00284nam a2200097Ia 4500008004100000082001500041100002500056245005600081260004000137300000900177210430s9999 xx 000 0 und d a150 C683 F aM. Colins, J. Drever 2aA First Laboratory guide in psychology /cM. Colins aNew DelhibCosmo Publicationsc2007 a107p